The Achievements of the Ingenious Gentleman Don Quixote de la Mancha (Record no. 3091)

MARC details
000 -CABECERA
campo de control de longitud fija 01629nam a2200313 a 4500
001 - NÚMERO DE CONTROL
campo de control BRCA_3355
005 - FECHA Y HORA DE LA ÚLTIMA TRANSACCIÓN
campo de control 20190320204235.0
008 - DATOS DE LONGITUD FIJA--INFORMACIÓN GENERAL
campo de control de longitud fija 260309s1891----enk#---###---#000-0#eng-#
041 ## - CÓDIGO DE LENGUA
Código de lengua del texto/banda sonora o título independiente eng
044 ## - CÓDIGO DEL PAÍS DE LA ENTIDAD EDITORA/PRODUCTORA
Código MARC del país enk
084 ## - OTRO NÚMERO DE CLASIFICACIÓN
Número de clasificación 649
Número de documento/Ítem .B46
-- 1891
100 1# - ENTRADA PRINCIPAL--NOMBRE DE PERSONA
Nombre de persona Cervantes Saavedra, Miguel de
Fechas asociadas al nombre 1547-1616
9 (RLIN) 213
245 10 - MENCIÓN DE TÍTULO
Título The Achievements of the Ingenious Gentleman Don Quixote de la Mancha
Mención de responsabilidad, etc. By Miguel de Cervantes Saavedra; A Translation Based on that of Peter Anthony Motteux with the Memoir and Notes of John Gibson Lockhart.
260 ## - PUBLICACIÓN, DISTRIBUCIÓN, ETC.
Lugar de publicación, distribución, etc. Londres
Nombre del editor, distribuidor, etc. George Bell and Sons
Fecha de publicación, distribución, etc. 1891
300 ## - DESCRIPCIÓN FÍSICA
Extensión 2 v.
Dimensiones 19 cm.
500 ## - NOTA GENERAL
Nota general Contenido : v.1. Primera parte. Retrato de Cervantes. Prefacio del editor. Vida de Cervantes por Lockhart. Dedicatoria y prólogo de Cervantes. Versos preliminares. Notas. -- v.2. Segunda parte. Dedicatoria y prólogo de Cervantes. Notas
500 ## - NOTA GENERAL
Nota general Traducción anónima basada en la versión de Motteux, con un ensayo sobre la vida de Cervantes escrito por J. G. Lockhart, inspirado en el de M. Fernández de Navarrete, y notas del mismo biógrafo. Tela Lúdovik Osterc
500 ## - NOTA GENERAL
Nota general QM1000
546 ## - NOTA DE LENGUA/LENGUAJE
Nota de lengua/lenguaje Texto en : inglés
650 14 - PUNTO DE ACCESO ADICIONAL DE MATERIA--TÉRMINO DE MATERIA
Término de materia o nombre geográfico como elemento de entrada Novela española
Subdivisión cronológica Época clásica, 1500-1700
9 (RLIN) 215
650 14 - PUNTO DE ACCESO ADICIONAL DE MATERIA--TÉRMINO DE MATERIA
Término de materia o nombre geográfico como elemento de entrada Literatura española
Subdivisión cronológica Época clásica, 1500-1700
9 (RLIN) 216
650 14 - PUNTO DE ACCESO ADICIONAL DE MATERIA--TÉRMINO DE MATERIA
Término de materia o nombre geográfico como elemento de entrada Novela española
Subdivisión cronológica Siglo XVII
9 (RLIN) 217
650 14 - PUNTO DE ACCESO ADICIONAL DE MATERIA--TÉRMINO DE MATERIA
Término de materia o nombre geográfico como elemento de entrada Don Quijote (Personaje ficticio)
Término indicativo de función/relación Novela
9 (RLIN) 218
700 1# - PUNTO DE ACCESO ADICIONAL--NOMBRE DE PERSONA
Nombre de persona Motteux, Peter Anthony
Fechas asociadas al nombre 1663-1718
Término indicativo de función/relación Traductor
9 (RLIN) 8845
700 1# - PUNTO DE ACCESO ADICIONAL--NOMBRE DE PERSONA
Nombre de persona Lockhart, John Gibson
Fechas asociadas al nombre 1794-1854
Término indicativo de función/relación Anotador
9 (RLIN) 8846
740 0# - PUNTO DE ACCESO ADICIONAL--TÍTULO RELACIONADO O ANALÍTICO NO CONTROLADO
Título relacionado o analítico no controlado El Ingenioso Hidalgo Don Quijote de la Mancha
902 ## - CATALOGADOR
Iniciales QFM
942 ## - ELEMENTOS DE PUNTO DE ACCESO ADICIONAL (KOHA)
Fuente del sistema de clasificación o colocación Library of Congress Classification
Tipo de ítem Koha Libros
Holdings
Estado de retiro Estado de pérdida Estado dañado No para préstamo Localización permanente Ubicación/localización actual Fecha de adquisición Número de inventario Total de préstamos Signatura topográfica completa Código de barras Fecha visto por última vez Precio válido a partir de Tipo de ítem Koha
El ejemplar forma parte de la colección y puede ser consultado según las políticas vigentes.       Biblioteca del Museo Franz Mayer (Rogerio Casas-Alatriste) Biblioteca del Museo Franz Mayer (Rogerio Casas-Alatriste) 26/03/2009 QM1000   649 .B46 1891 (QM1000) 3352 22/03/2019 22/03/2019 Libros